<A> model for the forest sector

Salvato in:
Dettagli Bibliografici
Autore principale: Kallio, Markku
Altri autori: Propoi, Anatoli, Seppälä, Risto
Natura: Libro
Lingua:inglese
Pubblicazione: Laxenburg International Institute for Applied Systems Analysis 1985
Tags: Aggiungi Tag
Nessun Tag, puoi essere il primo ad aggiungerne!!

MARC

LEADER 00000nam a2200000 4500
001 c107951
005 20230227123532.2
041 0 |a eng 
044 |a AT 
245 1 0 |a <A> model for the forest sector  |c Markku Kallio, Anatoli Propoi, Risto Seppälä 
264 1 |a Laxenburg  |b International Institute for Applied Systems Analysis  |c 1985 
300 |a 25 s. 
100 1 |a Kallio, Markku 
700 1 |a Propoi, Anatoli 
700 1 |a Seppälä, Risto